• 首页
  • 本馆介绍
  • 公告通知
  • 最新文献
  • 馆藏检索
  • 电子资源
  • 读者导购
  • 参考咨询
  • 我的图书馆
  • 登录
  • 详细信息显示
  • 放入我的书架
  • 预约/预借图书
  • 作者相关作品
  • 分类相关作品
  • 丛书相关作品
  • 出版社相关作品

书目信息

  • 表格格式
  • 工作单格式
  • 卡片格式
题名:
健康评估
    
 
作者: 马怡婷 , 梁冰锋 主编
分册:  
出版信息: 北京   教育科学出版社  2012
页数: 335页
开本: 26cm
丛书名:
单 册:
中图分类: R471
科图分类:
主题词: 健康--评估--高等职业教育--教材
电子资源:
ISBN: 978-7-5041-6512-1
000 01010nam0 2200265 450
001 338793
005 20150604092408.09
010    @a978-7-5041-6512-1@dCNY38.00
100    @a20121212d2012 em y0chiy50 ea
101 0  @achi
102    @aCN@b110000
105    @ay z 000yy
106    @ar
200 1  @a健康评估@Ajian kang ping gu@f马怡婷, 梁冰锋主编
210    @a北京@c教育科学出版社@d2012
215    @a335页@d26cm
300    @a普通高等教育“十二五”高职高专规划教材 中国高等教育学会推荐教材
304    @a中国高等教育学会组织编写
330    @a本书设健康评估方法、健康评估内容、护理诊断与健康评估记录三部分共十章, 健康评估方法包括健康资料的来源、类型、采集方法等;健康评估内容包括健康史评估、常见症状评估、身体评估等;护理诊断与健康评估记录包括护理诊断、功能性健康型态评估、健康评估记录。
606 0  @a健康@x评估@x高等职业教育@j教材
690    @aR471@v5
701  0 @a马怡婷@Ama yi ting@4主编
701  0 @a梁冰锋@Aliang bing feng@4主编
801  0 @aCN@b卓展宏图@c20150525
905    @dR471@e91@f5
    
    健康评估/马怡婷, 梁冰锋主编.-北京:教育科学出版社,2012
    335页;26cm
    普通高等教育“十二五”高职高专规划教材 中国高等教育学会推荐教材
    
    ISBN 978-7-5041-6512-1:CNY38.00
    本书设健康评估方法、健康评估内容、护理诊断与健康评估记录三部分共十章, 健康评估方法包括健康资料的来源、类型、采集方法等;健康评估内容包括健康史评估、常见症状评估、身体评估等;护理诊断与健康评估记录包括护理诊断、功能性健康型态评估、健康评估记录。
●
相关链接 在E读中查询图书 在五车中查询图书 在当当中查询图书 在豆瓣中查询图书


正题名:健康评估     索取号:R471/91         预约/预借

序号 登录号 条形码 馆藏地/架位号 状态 备注
1 860563   208605632   第二样本阅览室/ [索取号:R471/91] 在馆    
2 860564   208605641   第三借阅区/ [索取号:R471/91] 在馆    
3 860565   208605650   第三借阅区/ [索取号:R471/91] 在馆    
4 860566   208605669   第三借阅区/ [索取号:R471/91] 在馆    
5 860567   208605678   第三借阅区/ [索取号:R471/91] 在馆    
唐山师范学院图书馆 欢迎您!
大连网信软件有限公司© 版权所有